000 00387nam a2200157Ia 4500
100 _aShankarmani/Radha/ Ringe/Swati
650 _aObject oreinted programming
942 _cBK
366 _f20
654 _aobect oriented
245 _aObject oriented Programming Methodology
260 _bDream tech
_c2013
082 _a5.101
_bSHA
300 _a441
546 _aENGLISH
_cComputers
999 _c26864
_d26864